Южнокавказский Юридический Журнал =South Caucasus Law Journal : (ბიბ.ჩანაწერი № 57360)
[ მარტივი ფორმატი ]
| 000 -LEADER | |
|---|---|
| fixed length control field | 00482nam a22001457a 4500 |
| 005 - DATE AND TIME OF LATEST TRANSACTION | |
| control field | 20200601154321.0 |
| 008 - FIXED-LENGTH DATA ELEMENTS--GENERAL INFORMATION | |
| fixed length control field | 200601c20182019ge ||||| |||| 00| 0 geo d |
| 022 ## - INTERNATIONAL STANDARD SERIAL NUMBER | |
| International Standard Serial Number | 22980490 |
| 041 ## - LANGUAGE CODE | |
| Language code of text/sound track or separate title | geo |
| 245 ## - TITLE STATEMENT | |
| Title | Южнокавказский Юридический Журнал =South Caucasus Law Journal : |
| Remainder of title | |
| Statement of responsibility, etc. | Ред. А. Манасян. |
| 300 ## - PHYSICAL DESCRIPTION | |
| Extent | V. |
| 653 ## - INDEX TERM--UNCONTROLLED | |
| Uncontrolled term | სამართალი |
| 700 ## - ADDED ENTRY--PERSONAL NAME | |
| Personal name | Манасян,А. |
| Relator term | რედაქტორი |
| 9 (RLIN) | 8276 |
| 942 ## - ADDED ENTRY ELEMENTS (KOHA) | |
| Source of classification or shelving scheme | |
| Koha item type | პერიოდიკა |
| Withdrawn status | Lost status | Source of classification or shelving scheme | Damaged status | Not for loan | Permanent Location | Current Location | Shelving location | Date acquired | Serial Enumeration / chronology | Barcode | Date last seen | Copy number | Price effective from | Koha item type |
|---|---|---|---|---|---|---|---|---|---|---|---|---|---|---|
| შიდა ფონდი | ბათუმის შოთა რუსთაველის სახელმწიფო უნივერსიტეტის მთავარი ბიბლიოთეკა | ბათუმის შოთა რუსთაველის სახელმწიფო უნივერსიტეტის მთავარი ბიბლიოთეკა | წიგნსაცავი | 2020-06-01 | № 9 2018-2019 | 80618 | 2020-06-01 | 80618 | 2020-06-01 | პერიოდიკა | ||||
| შიდა ფონდი | ბათუმის შოთა რუსთაველის სახელმწიფო უნივერსიტეტის მთავარი ბიბლიოთეკა | ბათუმის შოთა რუსთაველის სახელმწიფო უნივერსიტეტის მთავარი ბიბლიოთეკა | წიგნსაცავი | 2020-06-01 | № 8 2017 | 80619 | 2020-06-01 | 80619 | 2020-06-01 | პერიოდიკა | ||||
| შიდა ფონდი | ბათუმის შოთა რუსთაველის სახელმწიფო უნივერსიტეტის მთავარი ბიბლიოთეკა | ბათუმის შოთა რუსთაველის სახელმწიფო უნივერსიტეტის მთავარი ბიბლიოთეკა | წიგნსაცავი | 2020-06-01 | № 7 2016 | 80620 | 2020-06-01 | 80620 | 2020-06-01 | პერიოდიკა |
